Score 0/20 Timer 04:00
2 Plays Today
% Correct
King
97.5%
Planet
95.5%
Vinci
94.9%
Love
91%
Towers
90.6%
Caribbean
89.4%
Hitchhiker's
86%
Return
85.5%
Hawk
84.6%
Golden
80.3%
% Correct
Fellowship
80.2%
Adventures
79.3%
Musketeers
59.1%
Breaking
57.1%
Other
56.6%
Fuzz
53.6%
Gods
25.4%
Christmas
23.8%
Pupil
17.4%
Together
3.7%

Today's Daily Dose

Missing Word
I Hardly Know Her!

Word Ladder
Sentence Ending

Quick Pick
Female Firsts

Get the Picture
Triathlon Sports

Remove Ads.
Support Sporcle.
Get the best of Sporcle when you Go Orange. This ad-free experience offers more features, more stats, and more fun while also helping to support Sporcle. Thank you for becoming a member.

You're not logged in!

Compare scores with friends on all Sporcle quizzes.
OR
Log In

Show Comments

Extras

Top Quizzes Today


Score Distribution

Your Account Isn't Verified!

In order to create a playlist on Sporcle, you need to verify the email address you used during registration. Go to your Sporcle Settings to finish the process.

Report this User

Report this user for behavior that violates our Community Guidelines.

Details: